000
00267nam a22001217a 4500
020
_a
0-7214-0980-6
082
_a
823
_b
WOO/G
100
_a
WOODMAN, JUNE
245
_a
GLO BUG'S GREATEST DAY
260
_a
UK
_b
LADYBIRD
650
_a
ENGLISH SHORT STORY
_z
UK
942
_c
BK
999
_c
4662
_d
4662